000 00296nam a22001337a 4500
008 170511b xxu||||| |||| 00| 0 eng d
020 _a0130275662
041 _aeng
080 _a34
100 _a15
101 _aSHJ
245 _aAMERICAN LAW AND LEGAL SYSTEMS
_cCALVI, J.V
942 _2udc
_cBK
999 _c13247
_d13247